Statistieken voor Syrië Trivia Quiz

Klik hier om de quiz te nemen!

Algemene statistieken

  • Deze quiz is 260 keer genomen
  • De gemiddelde score is 10 van 16

Antwoordstatistieken

HintAntwoord% Correct
Officiële taalArabisch
95%
HoofdstadDamascus
93%
"Kalifaat" dat in de jaren 2010 een aanzienlijk deel van het grondgebied in Syrië controleerdeISIS
86%
Land waarmee Syrië de langste grens heeftTurkije
82%
Rijk dat Syrië regeerde in de periode 1516-1918Ottomaanse Rijk
74%
Meest bevolkte stadAleppo
72%
Huidige leider van SyriëBashar al-Assad
69%
Zee waaraan Syrië grenstMiddellandse zee
66%
Rivier die door een groot deel van Syrië stroomt op weg naar de Perzische GolfEufraat
61%
Regio, beginnend met L, waar Syrië deel van isDe {Levant}
53%
Land waarmee Syrië tussen 1958 en 1961 verenigd was en de "Verenigde Arabische Republiek" vormdeEgypte
52%
Oud Mesopotamisch koninkrijk waaraan Syrië zijn naam ontleentAssyrië
48%
Op twee na grootste stad, voorheen bekend als EmesaHoms
37%
In de oudheid maakte Syrië deel uit van dit gebied, ook wel bekend als de "wieg van de beschaving"{Vruchtbare} Sikkel
37%
Valuta van SyriëSyrische pond
36%
Politieke partij waartoe de bovenstaande behoortBa'ath
35%

Scoreverdeling

Percentiel versus Aantal Correcte Antwoorden

Procent van Mensen met Elke Score

Uw Scoregeschiedenis

U heeft deze quiz nog niet genomen